00831nam a2200193 a 450000100100000000500170001000800410002702000150006804000250008310000260010824500350013426000420016930000210021150000550023295201170028795201050040495201110050999900170062000003784520201002031126.0130307s2010 mx 000 0 spa d a9685146810 aDO-SdBNPbspacBNPHU1 aWilde, Óscar96429510aDe profundis /cÓscar Wilde. aMéxico :bEdiciones Leyenda,c2010. a107 p. ;c22 cm. aIncluye datos biográficos del autor en la solapa 001054708MOaGRbGRcCTd2013-05-20iLF1l0o p37845-30r2020-06-25te. 3w2020-06-25y4ZPréstamo en sala 001050718MOaPDbPDcHDd2013-03-07iLF1l0o p37845-10r2020-06-25w2020-06-25y1ZNo se presta 001050718MOaPDbPDcCTd2013-05-20iLF1l0o p37845-20r2020-06-25te. 2w2020-06-25y1ZNo se presta c37335d37335